| 000 | 00752nam a2200241Ia 4500 | ||
|---|---|---|---|
| 003 | OSt | ||
| 005 | 20220122101429.0 | ||
| 008 | 210716s2004 xx 000 0 und d | ||
| 020 | _a8176495855 | ||
| 040 | _cAIMIT LIBRARY | ||
| 041 | _aeng | ||
| 082 |
_a352.48 _21 _bDICT |
||
| 100 |
_aDickey, Terry. _914309 |
||
| 245 |
_aBasics of budgeting: _bpractical guide to better business planning /by _cTerry Dickey. |
||
| 250 | _a1 | ||
| 260 |
_aNew Delhi: _bViva Books, _c2004. |
||
| 300 | _av,139p.; 21.5cm. | ||
| 650 |
_aEffective planning in your organization _914310 |
||
| 650 |
_aHow to build a strategic plan _914311 |
||
| 650 |
_aHow to budget sales _914312 |
||
| 650 |
_aHow to budget cost of sales _914313 |
||
| 942 |
_2ddc _cBK _e1 _k352.48 DICT |
||
| 999 |
_c202730 _d202730 |
||